LDR 01148naa#a2200181#i#450# 001 RU\\bibl\125499 005 20260704202621.6 011 ## _a2658-4026 100 ## _a20260630b2026####ek#y0rusy0150####ca 102 ## _aRU 200 1# _aРоссийская проекционная реклама: эргономика и тенденции развития дизайна _eЖурнальная статья 210 1# _aБрянск _cБрянский государственный технический университет _d2026 215 ## _a8 с. 608 ## _aЖурнальная статья _2local 675 ## _aЭргономика. 331.101.1 _aСимволы. Аллегории. Эмблемы. Девизы. Геральдические знаки. Монограммы. 7.045 _aКомпьютерная графика. 004.92 _aОсобые зрительные средства рекламы. 659.136 _aТехнология как фактор, облегчающий труд человека. 331.101.52 _z 700 #1 _aКазаков _gЕвгений Андреевич 700 #1 _aМакарова _gТатьяна Львовна 856 4# _anaukaru.ru _u